000 00832nam a2200253 a 4500
001 BRL_238
005 20190320210640.0
008 280613s1995----mx-a######---#000-0#spa-#
020 _a9700506347
041 _aspa
044 _amx
050 4 _aF1351
_b.L67 1995
100 1 _aLópez Obrador, Andrés Manuel
_923319
245 1 0 _aEntre la historia y la esperanza
_bcorrupción y lucha democrática en Tabasco
_cAndrés Manuel López Obrador.
260 _aMéxico
_bGrijalbo
_c1995
300 _a269 p.
_bil.
_c23 cm.
500 _aIncluye apéndice fotográfico e índice onomástico
500 _aAu307
504 _aIncluye referencias bibliográficas
650 1 4 _aCorrupción política
_xHistoria
_zTabasco, México
_923320
651 4 _aTabasco (México)
_xPolítica y gobierno
_923321
902 _aGRL
942 _2lcc
_cB
999 _c9051
_d9051